ՀՀ Գիտությունների ազգային ակադեմիայի հիմնարար գիտական գրադարան  =   Fundamental Scientific Library of NAS RA

Мост : (Record no. 462136)

MARC details
000 -LEADER
fixed length control field 00570nam a22001937a 4500
003 - CONTROL NUMBER IDENTIFIER
control field AM-YEHGA
040 ## - CATALOGING SOURCE
Original cataloging agency AM-YeHGA
001 - CONTROL NUMBER
control field 1764661
005 - DATE AND TIME OF LATEST TRANSACTION
control field 20250617160913.0
008 - FIXED-LENGTH DATA ELEMENTS--GENERAL INFORMATION
fixed length control field 210402b ||||| |||| 00| 0 rus d
041 0# - LANGUAGE CODE
Language code of text/sound track or separate title rus
090 ## - LOCALLY ASSIGNED LC-TYPE CALL NUMBER (OCLC); LOCAL CALL NUMBER (RLIN)
-- 465310
100 1# - MAIN ENTRY--PERSONAL NAME
Personal name Скурлаев, Дмитрий Владимирович
245 10 - TITLE STATEMENT
Title Мост :
Remainder of title Повесть /
Statement of responsibility, etc. Д. Скурлаев
260 ## - PUBLICATION, DISTRIBUTION, ETC.
Place of publication, distribution, etc. Махачкала :
Name of publisher, distributor, etc. Дагест. кн. изд-во,
Date of publication, distribution, etc. 1861
300 ## - PHYSICAL DESCRIPTION
Extent 64 с.
653 0# - INDEX TERM--UNCONTROLLED
Uncontrolled term Советская литература
942 ## - ADDED ENTRY ELEMENTS (KOHA)
Source of classification or shelving scheme Universal Decimal Classification
Koha item type Գրքեր / Books
Holdings
Withdrawn status Lost status Damaged status Not for loan Collection Home library Current library Date acquired Total checkouts Full call number Barcode Date last seen Price effective from Koha item type Public note
        General Fundamental Scientific Library Fundamental Scientific Library 02/04/2021   РII/49183 FL0640672 02/04/2021 02/04/2021 Գրքեր / Books 30 Days Loan


ՀՀ ԳԱԱ հիմնարար գիտական գրադարան
ՀՀ,Երևան 0019
Մարշալ Բաղրամյան 24/6
հեռախոս:(374-10) 52-47-50
Հետադարձ կապ

All site content, except where otherwise noted, is licensed under a
Creative Commons License